| 000 | 01168nam a22003737a 4500 | ||
|---|---|---|---|
| 001 | BR7806950 | ||
| 003 | BR-BrBNA | ||
| 005 | 20230928085803.0 | ||
| 007 | ta | ||
| 008 | 230509b bl.||||| |||| 00| 0 por d | ||
| 040 |
_aBR-BrBNA _bpor _cBiblioteca Nacional de Agricultura |
||
| 041 | _a(Por) | ||
| 072 |
_aF00 _b0430 _b8930 _b/G514 |
||
| 090 | _ 0430 BR7806950 | ||
| 100 | 1 | _aCanuto Neto, N. | |
| 110 | 1 |
_aUniversidade Federal do Ceara, Fortaleza (Brasil). Centro de Ciencias Agrarias. Depto. de Fitotecnia _0Tese (Mestre em Fitotecnia) |
|
| 245 | 1 | _aInfluencia da epoca de colheita sobre as caracteristicas tecnologicas da fibra do algodoeiro anual (Gossypium hirsutum L.)[Pentecoste, Ceara, Brasil] | |
| 260 | 3 |
_aFortaleza, CE (Brasil): _c1978. |
|
| 300 | _a55 p. | ||
| 500 | _aSummary (Por); 19 tables; 44 ref. | ||
| 650 | _aALGODAO | ||
| 650 | _aSEMENTE | ||
| 650 | _aCLIMA | ||
| 650 | _aPRATICA CULTURAL | ||
| 650 | _aIRRIGACAO | ||
| 650 | _aDOENCA DE PLANTA | ||
| 650 | _aPRAGA DE PLANTA | ||
| 650 | _aCOLHEITA | ||
| 650 | _aFIBRA | ||
| 650 | _aPENTECOSTE | ||
| 650 | _aCEARA | ||
| 909 |
_a202309 _bLucia _c55 _dLucia Elande |
||
| 942 | _cBK | ||
| 999 |
_c26333 _d26333 |
||